000 00418nam a2200157 i 4500
001 41511
003 ES-MaACL
005 20230906160438.0
007 t|
008 030311s1925 mx ||||1| spa d
100 1 _aCaso, Antonio.
_936320
245 1 0 _aPrincipios de estética /
_cAntonio Caso.
260 _aMéxico :
_bSecretaría de Educación,
_c1925.
300 _a227 p. ;
_c19 cm.
852 _aES-MaACL
_jB-12557
999 _c41511
_d41511